| 000 | 01851nam a22002297a 4500 | ||
|---|---|---|---|
| 999 |
_c59718 _d59718 |
||
| 003 | Ge_BSU | ||
| 005 | 20230405162038.0 | ||
| 008 | 230405s2017 ge ||||| |||| 00| 0 geo d | ||
| 020 | _a9789941945786 | ||
| 041 | _ageo | ||
| 080 | _a94(479.22)"1924" ჯ-54 | ||
| 100 |
_aჯიქია, ლევან _917503 |
||
| 245 |
_a1924 წლის ანტისაბჭოთა ეროვნული აჯანყება სენაკის მაზრაში : _bნარკვევი. დოკუმენტები და მასალები / _cლევან ჯიქია ; რედაქტორი სერგო ვარდოსანიძე ; საქ. საპატრიარქოს წმ. ანდრია პირველწოდებულის სახ. ქართული უნ-ტი, ჰუმანიტარულ მეცნიერებათა და სამართლის ფაკ-ტი. |
||
| 264 |
_aთბილისი : _bქართული უნივერსიტეტი, _c2017. |
||
| 300 |
_a84 გვ. ; _b29 სმ. |
||
| 504 | _aბიბლიოგრ. ტექსტის შენიშვნებში. | ||
| 653 | _a1924 წლის აჯანყება საქართელოში | ||
| 653 | _aსაქართველოს უახლესი ისტორია. | ||
| 700 |
_aვარდოსანიძე, სერგო _eრედაქტორი _917504 |
||
| 710 |
_aსაქ. საპატრიარქოს წმ. ანდრია პირველწოდებულის სახ. ქართული უნ-ტი. _bჰუმანიტარულ მეცნიერებათა და სამართლის ფაკ-ტი. _917505 |
||
| 942 |
_2udc _cBK |
||